The ideal of kingship in the writings of Charles Williams, C.S. Lewis and J.R.R. Tolkien (Record no. 38883)
[ view plain ]
| 000 -LEADER | |
|---|---|
| fixed length control field | 01673nam a2200337 a 4500 |
| 082 04 - DEWEY DECIMAL CLASSIFICATION NUMBER | |
| Classification number | 828.91209 |
| 100 1# - MAIN ENTRY--AUTHOR NAME | |
| Personal name | Scarf, Christopher. |
| 245 14 - TITLE STATEMENT | |
| Title | The ideal of kingship in the writings of Charles Williams, C.S. Lewis and J.R.R. Tolkien |
| 260 ## - PUBLICATION, DISTRIBUTION, ETC. (IMPRINT) | |
| Place of publication | Cambridge : |
| Name of publisher | James Clarke & Co., |
| Year of publication | 2013. |
| 300 ## - PHYSICAL DESCRIPTION | |
| Number of Pages | 200 p. |
| 505 0# - FORMATTED CONTENTS NOTE | |
| Formatted contents note | pt. 1. Monetary and republic -- pt. 2. The monarch and God's vicegerent -- pt. 3. Monarchy and Middle-Earth -- pt. 4. Insinuated republic-- constitutional monarchy-- king in council. |
| 650 #0 - SUBJECT ADDED ENTRY--TOPICAL TERM | |
| Topical Term | Kings and rulers in literature. |
| 856 40 - ELECTRONIC LOCATION AND ACCESS | |
| Uniform Resource Identifier | http://site.ebrary.com/lib/rucke/Doc?id=10725869 |
No items available.
